MARC details
| 000 -LEADER |
| campo de control de longitud fija |
02499nam a2200373 i 4500 |
| 001 - NÚMERO DE CONTROL |
| campo de control |
193492 |
| 003 - IDENTIFICADOR DE NÚMERO DE CONTROL |
| campo de control |
SpMaBN |
| 005 - FECHA Y HORA DE LA ÚLTIMA TRANSACCIÓN |
| campo de control |
20240908063117.0 |
| 007 - CAMPO FIJO DE DESCRIPCIÓN FÍSICA--INFORMACIÓN GENERAL |
| campo de control de longitud fija |
ta |
| 008 - DATOS DE LONGITUD FIJA--INFORMACIÓN GENERAL |
| campo de control de longitud fija |
240102s2020 sp | |||| 000 p spa |
| 017 ## - NÚMERO DE COPYRIGHT O DE DEPÓSITO LEGAL |
| Número de copyright o de depósito legal |
M 8040-2020 |
| Agencia que asigna |
Oficina Depósito Legal Madrid |
| 020 ## - NÚMERO INTERNACIONAL ESTÁNDAR DEL LIBRO |
| Número Internacional Estándar del Libro |
9788496322998 |
| 035 ## - NÚMERO DE CONTROL DEL SISTEMA |
| Número de control de sistema |
a6873731 |
| 040 ## - FUENTE DE CATALOGACIÓN |
| Centro catalogador/agencia de origen |
SpMaBN |
| Lengua de catalogación |
spa |
| Centro/agencia transcriptor |
SpMaBN |
| Normas de descripción |
rda |
| Centro/agencia modificador |
Es-MaACL |
| 080 ## - NÚMERO DE LA CLASIFICACIÓN DECIMAL UNIVERSAL |
| Número de la Clasificación Decimal Universal |
821.134.2-14"19" |
| 100 0# - ENTRADA PRINCIPAL--NOMBRE DE PERSONA |
| Nombre de persona |
Morales Barba, Rafael, |
| Fechas asociadas al nombre |
1958- |
| 9 (RLIN) |
83016 |
| Término indicativo de función/relación |
Autor |
| 245 10 - MENCIÓN DEL TÍTULO |
| Título |
Aquitania / |
| Mención de responsabilidad, etc. |
Rafael Morales Barba. |
| 250 ## - MENCION DE EDICION |
| Mención de edición |
1ª edición: 2020 |
| 264 #1 - PRODUCCIÓN, PUBLICACIÓN, DISTRIBUCIÓN, FABRICACIÓN Y COPYRIGHT |
| Producción, publicación, distribución, fabricación y copyright |
Alpedrete (Madrid) : |
| Nombre del de productor, editor, distribuidor, fabricante |
Ediciones de La Discreta, |
| Fecha de producción, publicación, distribución, fabricación o copyright |
[2020] |
| 300 ## - DESCRIPCIÓN FÍSICA |
| Extensión |
56 páginas ; |
| Dimensiones |
22 cm |
| 336 ## - TIPO DE CONTENIDO |
| Término de tipo de contenido |
Texto |
| Fuente |
rdacontent |
| 337 ## - TIPO DE MEDIO |
| Nombre/término del tipo de medio |
sin mediación |
| Fuente |
rdamedia |
| 338 ## - TIPO DE SOPORTE |
| Nombre/término del tipo de soporte |
volumen |
| Fuente |
rdacarrier |
| 490 1# - MENCIÓN DE SERIE |
| Mención de serie |
Bastardilla |
| 520 ## - RESUMEN, ETC. |
| Sumario, etc. |
Si la poesía se identifica con un aura de misterio, Aquitania cumple con creces esa exigente condición. La predilección por paisajes oscuros contribuye a dibujar un contexto impreciso y oscilante. Pero no se trata de un decorado más o menos romántico, sino de una proyección o manifestación o exteriorización de pensamientos o emociones (muy contenidas) de una voz poética que busca la palabra precisa, el verso justo, y que evita no ya el desbordamiento expresivo sino todo lo que pueda recordarlo. Nada debe sobrar y Aquitania se vale de una estética hecha de fragmentos para atrapar al lector en una tupida red de sentidos. Nada debe sonar falso, o retórico, o épico, sino que debe ser y sobre todo parecer sencillo, ajustado, claro […]. También sin muchos detalles. La memoria es fragmentaria y nebulosa, pero las cosas, el paisaje, los animales, tienen un poder evocador, a menudo misteriosamente triste. Pero Aquitania no es un rompecabezas, no hay un conjunto determinado de piezas para armar, y sobre todo no hay un mensaje final, ni un retrato, ni siquiera un mundo: sensaciones vaporosas que definen una poética muy ajustada, muy eficaz para unas “luces sin enigmas”. |
| 655 #7 - TERMINO DE INDIZACIÓN--GENERO/FORMA |
| Datos o término principal de género/forma |
Poesías |
| Fuente del término |
tgfbne |
| 9 (RLIN) |
176539 |
| 830 ## - PUNTO DE ACCESO ADICIONAL DE SERIE-TÍTULO UNIFORME |
| Título uniforme |
Bastardilla |
| 9 (RLIN) |
234796 |
| 852 ## - LOCALIZACIÓN |
| Ubicación |
ES-MaACL |
| Sublocalización o colección |
R.154825 |
| Ubicación en estantería |
Depósito J |
| Número de control de estantería |
N-9692 |
| Donativo/Legado |
Donación: Rafael Montes |
| itemnumber |
200971 |
| Anotaciones manuscritas |
Dedicatoria autógrafa del autor |
| Encuadernación |
Encuadernación rústica con solapas |
| 903 ## - NOMBRE PERSONAL DE DONANTE |
| 9 |
83016 |
| a |
Morales Barba, Rafael, |
| d |
1958- |
| e |
Donante |
| 942 ## - ELEMENTOS DE ENTRADA SECUNDARIOS (KOHA) |
| Suprimir en OPAC |
No |
| Tipo de ítem Koha |
Libro impreso |